Word Links by Picture Quiz Stats

 Plays Quiz Updated Jun 30, 2019

Score 0/15 Timer 04:00
5 Plays Today
Question Answer Wrong Answers
Wash ???
92.9%
???
3.5%
???
2.2%
Time ???
91.2%
???
2.6%
???
3.7%
Box ???
90.9%
???
2.3%
???
6.5%
Match ???
89.9%
???
5.9%
???
4.2%
Worm ???
88.2%
???
2.8%
???
3%
Off ???
87.2%
???
2.3%
???
5.2%
Key ???
87%
???
0.7%
???
6.7%
Car ???
86.7%
???
7.8%
???
4.8%
Ring ???
86.1%
???
1.4%
???
6.6%
Door ???
80.5%
???
8.1%
???
8.3%
Out ???
80%
???
14.5%
???
2.8%
Man ???
63.5%
???
17.4%
???
15.3%
Power ???
55.5%
???
11.9%
???
28.2%
Play ???
55%
???
8.6%
???
31.3%
Rag ???
46.8%
???
35.3%
???
15.9%

You're not logged in!

Compare scores with friends on all Sporcle quizzes.
OR
Log In

Sporcle TV

Today on Sporcle TV


Watch our educational content, quiz creation guides, and fun videos on Sporcle TV.

Show Comments

Extras

Top Quizzes Today


Score Distribution

Your Account Isn't Verified!

In order to create a playlist on Sporcle, you need to verify the email address you used during registration. Go to your Sporcle Settings to finish the process.

Report this User

Report this user for behavior that violates our Community Guidelines.

Details: